Crisco disco : * disco music & clubbing gay tra gli anni 70 e 80 /

Guardat en:
Dades bibliogràfiques
Autor principal: Locati Luciani, Luca
Altres autors: Meis, Gianluca
Format: Llibre
Idioma:italià
Publicat: Milano : Vololibero, 2013
Edició:2. ed
Etiquetes: Afegir etiqueta
Sense etiquetes, Sigues el primer a etiquetar aquest registre!

MARC

LEADER 00000nam0a22000003i 4500
001 IT\ICCU\TO1\0005687
003 ItRI
005 20260105000113.0
008 260104b |||||||| |||| 00| | ita d
020 |a 9788897637097 
040 |b ita  |c cla 
100 |a Locati Luciani, Luca 
245 |a Crisco disco :  |b * disco music & clubbing gay tra gli anni 70 e 80 /  |c Luca Locati Luciani ; con un saggio di Gianluca Meis 
250 |a 2. ed 
260 |a Milano :  |b Vololibero,  |c 2013 
300 |a 301 p.  |b ill.  |c 21 cm 
500 |a Perché Crisco Disco? Una curiosità che si scopre leggendo questo libro dove troverete tutto o quasi su disco music, HINRG (anche questo, se non lo sapete, lo scoprirete...) e clubbing gay negli Usa ed in Italia tra gli anni '70 ed '80. Avvincente come un romanzo, questo libro l̈a cronaca di un fenomeno mondiale come la disco music che s'intreccia alla storia della liberazione del mondo GLBT nord americano e mondiale, per evolversi nel corso degli anni '80 in HINRG ed influenzare tutto il panorama del pop elettronico. Il libro c̈orredato da interessanti interviste a protagonisti di quel mondo negli Usa e in Italia come Alan Jines, JD Doyle, Robbie Leslie, Stanley Stellar, Bruno Casini, Corrado Rizza, Paolo Rumi, Vittorio Lucidi, Daniele Baldelli e Ivan Cattaneo. Un saggio sul "Camp" di Gianluca Meis completa la pubblicazione, che vuole inoltre evidenziare le differenze tra la scena disco statunitense e quella italiana. 
700 |a Meis, Gianluca 
942 |2 ddc  |c BK  |n 0 
952 |0 0  |1 0  |2 ddc  |4 0  |6 DOC_306_484000000000000_LOC  |7 0  |9 10092  |a BO  |b BO  |d 2026-01-04  |i 17313  |l 0  |o DOC 306.484 LOC  |p BO17313  |r 2026-01-04 23:42:47  |w 2026-01-04  |x Codice Sebina 5  |y BK  |z 1 v. 
999 |c 8409  |d 8409